Statistiche per Ligue 1 2019-2020 - Quiz

Clicka qui per fare il quiz!

Statistiche generali

  • Questo quiz è stato fatto 139 volte
  • Il punteggio medio è 12 su 20

Statistiche sulle risposte

Squadra% Corretto
Paris Saint-Germain
100%
Olympique de Marseille
90%
Olympique lyonnais
87%
AS Monaco
79%
LOSC Lille
76%
OGC Nice
73%
FC Nantes
70%
Girondins de Bordeaux
64%
Montpellier HSC
63%
Toulouse FC
62%
Stade rennais FC
59%
AS Saint-Étienne
57%
RC Strasbourg Alsace
54%
SCO d’Angers
49%
Stade de Reims
47%
FC Metz
44%
Stade brestois 29
42%
Amiens SC
35%
Dijon FCO
34%
Nîmes Olympique
31%

Distribuzione punteggi

Percentile per numero di risposta

Percentuale di utenti per punteggio

I tuoi punteggi nel tempo

Non hai fatto questo quiz